| 000 | 00965nam0a22002411i 4500 | ||
|---|---|---|---|
| 001 | rc\3335782 | ||
| 005 | 20240724001708.0 | ||
| 021 |
_aRU _b[72-6580а] |
||
| 035 | _a(NLR Aleph) 007428087 | ||
| 090 |
_a6986301 _c6986301 |
||
| 100 | _a20130115d1972 |||y0rusy50 ca | ||
| 101 | 0 | _arus | |
| 102 | _aRU | ||
| 105 | _ay d ||||| | ||
| 200 | 1 |
_aВопросы экономики и организации восстановления автомобильных деталей _e(На материалах Центр. Казахстана) _eАвтореф. дис. на соискание учен. степени канд. экон. наук _e(594) _fАН КазССР. Ин-т экономики |
|
| 210 |
_aАлма-Ата _d1972 |
||
| 215 |
_a19 с. _cграф. |
||
| 320 | _aСписок работ авт.: с. 18-19 (6 назв.) | ||
| 700 | 1 |
_aТен _bА.Н. |
|
| 801 | 0 |
_aRU _bNLR _gpsbo |
|
| 801 | 1 |
_aRU _bELAR _2rusmarc |
|
| 852 |
_aNLR _j72-4/31701 |
||
| 942 | _cBOOK | ||